Les phobies - Test de langue française - Statistiques

Statistiques générales
  • Ce quiz a été pris 23 fois
  • Le résultat moyen est 5 sur 15
Statistiques - réponses
Question Réponse % Correct
De quoi un coulrophobe a-t-il une trouille bleue ? Des clowns
76%
Restons sur les animaux... Que déteste une personne atteinte de musophobie ? Les rats et souris
76%
De quoi a peur un type atteint de taphéphobie ? La peur d'être enterré vivant
52%
Hexakosioihexekontahexaphobie... Si vous connaissez le grec, c'est plus facile... De quel nombre a peur une personne atteinte de ce trouble... démoniaque ? (question fastoche sans aucun piège, promis juré !) 666
48%
Que craint une personne ophiophobe (ou ophidiophobe) ? Les serpents
48%
Comment définir la rupophobie ? La peur de la saleté
43%
Si vous êtes atteint de koréphobie, de quoi avez-vous une peur irrationnelle ? Des poupées
38%
Si vous êtes bélonéphobe, de quoi avez-vous une sainte horreur ? Des aiguilles
29%
Si vous êtes atteint de phtisiophobie, de quelle maladie avez-vous peur ? De la tuberculose
24%
Pour quelle matière une personne souffrant d'hyalophobie a-t-il une aversion profonde ? Le verre
24%
Quel animal une personne qui souffre d'ailurophobie ne peut-il pas voir en peinture ? Des chats
19%
De quoi une personne atteinte de diapnophobie a-t-elle peur ? De transpirer
19%
Encore mieux... Hippopotomonstrosesquipédaliophobie (parfois orthographié "hippopotomonstrosesquippedaliophobie")... Rien que le mot fait peur, mais à quoi fait-il référence ? La peur des mots longs
19%
De quoi a peur une personne qui souffre de lachanophobie ? Des légumes
14%
De quoi a peur une personne qui souffre d'apopathodiaphulatophobie ? D'être constipée
5%
Aucun quiz correspondant
Distribution des résultats
% des personnes avec chaque résultat
Percentile par nombre de réponses
Votre historique - résultats
Vous n’avez pas pris ce quiz